000
00252nam a22001217a 4500
008
170608b xxu||||| |||| 00| 0 eng d
041
_a
eng
080
_a
32
100
_a
18
101
_a
SHP
245
_a
MARINE ALGAE
_c
TAYLOR, W.R
942
_2
udc
_c
BK
999
_c
16470
_d
16470